NBA Players by Letter - T - Statistics

General Stats
  • This quiz has been taken 18 times
  • The average score is 7 of 17
Answer Stats
Team Answer % Correct
Warriors Klay Thompson
87%
Cavaliers Tristan Thompson
87%
Celtics Jayson Tatum
67%
Timberwolves Karl-Anthony Towns
67%
Pistons Khyri Thomas
60%
Raptors Matt Thomas
60%
Timberwolves Evan Turner
53%
Pacers Myles Turner
53%
Rockets P.J. Tucker
47%
Jazz Rayjon Tucker
47%
Hawks Jeff Teague
33%
Celtics Daniel Theis
27%
Trail Blazers Gary Trent Jr.
20%
76ers Matisse Thybulle
20%
Knicks Allonzo Trier
7%
Nets Garrett Temple
7%
Warriors Juan Toscano-Anderson
7%
No matching quizzes found
Score Distribution
Percent of People with Each Score
Percentile by Number Answered
Your Score History
You have not taken this quiz